| LEADER | 01120nam a2200313 a 4500 | ||
|---|---|---|---|
| 001 | c000319702 | ||
| 003 | CARM | ||
| 005 | 20010928103534.0 | ||
| 008 | 700108s1970 enkb b 001 0 eng | ||
| 010 | |a 72527630 //r83 | ||
| 015 | |a B70-23883 | ||
| 019 | 1 | |a 476954 |5 LACONCORD2021 | |
| 020 | |a 0333064941 | ||
| 035 | |a (OCoLC)108659 |5 LACONCORD2021 | ||
| 040 | |a LC |b eng |c LC |d NU | ||
| 041 | 1 | |a engfre | |
| 050 | 0 | 0 | |a DD801.H2 |b D63 1970b |
| 082 | 0 | 4 | |a 382/.094 |
| 100 | 1 | |a Dollinger, Philippe. | |
| 240 | 1 | 0 | |a Hanse. |l English |
| 245 | 1 | 4 | |a The German Hansa / |c Philippe Dollinger; translated and edited by D.S. Ault and S.H. Steinberg. |
| 260 | |a London : |b Macmillan, |c 1970. | ||
| 300 | |a xxii, 474 p. : |b maps. ; |c 23 cm. | ||
| 500 | |a Translation from the original French version : La Hanse. | ||
| 504 | |a Includes bibliographical references. | ||
| 610 | 2 | 0 | |a Hanseatic League. |
| 852 | 8 | |b CARM |h A1:AN22B0 |i B08773 |p 0414662 |f BK | |
| 999 | f | f | |i 57f0d547-67fb-571b-8cef-0312fae31dba |s dd19c0fb-a9dc-527f-9b11-706adf191dd1 |
| 952 | f | f | |p Can circulate |a CAVAL |b CAVAL |c CAVAL |d CARM 1 Store |e B08773 |f A1:AN22B0 |h Other scheme |i book |m 0414662 |